[Event "GBR-ch72"]
[Site "Edinburgh"]
[Date "1985.08.09"]
[Round "11.10"]
[White "Levitt, Jonathan"]
[Black "Johansen, Darryl Keith"]
[Result "1-0"]
[WhiteElo "2375"]
[BlackElo "2410"]
[PlyCount "131"]
[EventDate "1985.07.29"]
[EventType "swiss"]
[EventRounds "11"]
[EventCountry "GBR"]
[SourceTitle "BritBase"]
[Source "John Saunders"]
[SourceDate "2020.09.07"]
[SourceVersion "1"]
[SourceVersionDate "2020.09.07"]
[SourceQuality "2"]

1. d4 e6 2. c4 f5 3. Nf3 Nf6 4. g3 Bb4+ 5. Bd2 Be7 6. Bg2 O-O 7. Nc3 d5 8. O-O
c6 9. a3 Qe8 10. b4 a6 11. c5 Ne4 12. Qc2 Nd7 13. Bf4 Qh5 14. Ne5 g5 15. Nxd7
Bxd7 16. Be5 Bf6 17. Na4 Bxe5 18. dxe5 g4 19. f3 Ng5 20. f4 Ne4 21. e3 Rad8 22.
Rfd1 Rf7 23. Rab1 Qg6 24. Rb2 h5 25. Bxe4 fxe4 26. Nc3 Rh7 27. Qf2 Kf7 28. Qe1
Rdh8 29. Rg2 Ke7 30. Rdd2 Qg8 31. Ne2 h4 32. Nd4 Rh5 33. Qd1 R8h7 34. gxh4 Rxh4
35. Rg3 Qh8 36. Qc2 a5 37. bxa5 Qa8 38. Qc3 Qa6 39. Rdg2 Rh3 40. Rxg4 Qd3 41.
Qxd3 exd3 42. R4g3 Be8 43. Nb3 Rh8 44. Rd2 Rxg3+ 45. hxg3 Bg6 46. Rh2 Ra8 47.
Kf1 Bf5 48. g4 Be4 49. Ke1 Kf7 50. Kd2 Kg6 51. Kc3 Kf7 52. Kb4 Rg8 53. Rh4 Ra8
54. Nd2 Bg6 55. Rh2 Rg8 56. Nf3 Be4 57. Ng5+ Ke7 58. Kc3 Bg6 59. Rh6 Kd7 60.
Nxe6 Be4 61. Ng5 Ra8 62. Nxe4 dxe4 63. Rh7+ Ke6 64. Kd4 Rd8+ 65. Kxe4 Rd4+ 66.
exd4 1-0

[Event "GBR-ch72"]
[Site "Edinburgh"]
[Date "1985.08.09"]
[Round "11.11"]
[White "Hawksworth, John C"]
[Black "Martin, Andrew D"]
[Result "1/2-1/2"]
[WhiteElo "2370"]
[BlackElo "2410"]
[PlyCount "100"]
[EventDate "1985.07.29"]
[EventType "swiss"]
[EventRounds "11"]
[EventCountry "GBR"]
[SourceTitle "BritBase"]
[Source "John Saunders"]
[SourceDate "2020.09.07"]
[SourceVersion "1"]
[SourceVersionDate "2020.09.07"]
[SourceQuality "2"]

1. d4 Nf6 2. Nf3 d5 3. c4 c6 4. Nc3 dxc4 5. a4 Bg4 6. Ne5 Bh5 7. f3 Nfd7 8.
Nxc4 e5 9. Nxe5 Nxe5 10. dxe5 Nd7 11. e3 Nxe5 12. Qxd8+ Rxd8 13. Be2 f5 14. e4
fxe4 15. Nxe4 Bb4+ 16. Bd2 Bxd2+ 17. Nxd2 O-O 18. O-O-O Bf7 19. Ne4 Bd5 20. Nc3
Bb3 21. Rxd8 Rxd8 22. Bd1 Nd3+ 23. Kb1 Be6 24. Bc2 Nb4 25. Re1 Nxc2 26. Kxc2
Kf7 27. Ne4 h6 28. Kc3 b6 29. b4 Rd5 30. Ra1 Bf5 31. Re1 Bd7 32. Ra1 Bf5 33.
Re1 g5 34. h3 Kg6 35. g4 Bd7 36. f4 gxf4 37. Rf1 a5 38. Rxf4 axb4+ 39. Kxb4
Rd4+ 40. Kb3 c5 41. Kc3 Bxa4 42. Rf6+ Kg7 43. Re6 Kf7 44. Re5 Bd7 45. g5 hxg5
46. Nxc5 bxc5 47. Rxg5 Rf4 48. Rxc5 Rh4 49. Re5 Kf6 50. Re3 Bxh3 {etc (134)}
1/2-1/2

[Event "GBR-ch72"]
[Site "Edinburgh"]
[Date "1985.08.09"]
[Round "11.12"]
[White "Lawton, Geoffrey W"]
[Black "Barua, Dibyendu"]
[Result "1-0"]
[WhiteElo "2360"]
[BlackElo "2410"]
[PlyCount "71"]
[EventDate "1985.07.29"]
[EventType "swiss"]
[EventRounds "11"]
[EventCountry "GBR"]
[SourceTitle "BritBase"]
[Source "John Saunders"]
[SourceDate "2020.09.07"]
[SourceVersion "1"]
[SourceVersionDate "2020.09.07"]
[SourceQuality "2"]

1. e4 e5 2. Nf3 d6 3. Bc4 c6 4. d3 Be7 5. c3 Nf6 6. Bb3 O-O 7. O-O Qc7 8. Re1
Nbd7 9. d4 h6 10. Nh4 Rd8 11. Nf5 Nf8 12. Qf3 Ng6 13. Qg3 Kf8 14. Bc2 c5 15. d5
b5 16. Qf3 Bd7 17. g3 Qc8 18. Nd2 Re8 19. b3 Kg8 20. c4 b4 21. a4 Qd8 22. Nf1
Bxf5 23. Qxf5 Qd7 24. Qf3 Nh7 25. h4 Bf8 26. Ne3 Ne7 27. Nf5 Rad8 28. Bd2 Kh8
29. Kh2 Ng8 30. Bd3 g6 31. Ne3 Be7 32. Bf1 Bf8 33. Bh3 Qe7 34. Rab1 h5 35. Qe2
Nh6 36. Bf1 {etc (134)} 1-0

[Event "GBR-ch72"]
[Site "Edinburgh"]
[Date "1985.08.09"]
[Round "11.13"]
[White "Muir, Andrew Joseph"]
[Black "Kosten, Anthony C"]
[Result "0-1"]
[WhiteElo "2285"]
[BlackElo "2395"]
[PlyCount "104"]
[EventDate "1985.07.29"]
[EventType "swiss"]
[EventRounds "11"]
[EventCountry "GBR"]
[SourceTitle "BritBase"]
[Source "John Saunders"]
[SourceDate "2020.09.07"]
[SourceVersion "1"]
[SourceVersionDate "2020.09.07"]
[SourceQuality "2"]

1. d4 Nf6 2. c4 e6 3. Nc3 Bb4 4. e3 O-O 5. Bd3 d5 6. Nf3 b6 7. O-O Bb7 8. a3
Bd6 9. cxd5 exd5 10. b4 Nbd7 11. Qb3 Re8 12. b5 Ne4 13. a4 Nf8 14. Ba3 Bxa3 15.
Rxa3 Re6 16. Qc2 Ng6 17. a5 Rc8 18. axb6 cxb6 19. Bxe4 dxe4 20. Nd2 Nh4 21.
Rxa7 Rg6 22. g3 Bd5 23. Rfa1 f5 24. Qb2 Be6 25. Qb4 h6 26. Ne2 Rg4 27. Nf4 Bd5
28. h3 Rg5 29. Qe7 Qxe7 30. Rxe7 Bf7 31. Kf1 Ng6 32. Rb7 Nxf4 33. exf4 Rg6 34.
Ra6 e3 35. fxe3 Rxg3 36. Raxb6 Rc2 37. Rc6 Rxd2 38. Rc8+ Kh7 39. Rxf7 Rxh3 40.
Kg1 Rxe3 41. Rc1 Kg6 42. Rd7 Rb3 43. Rb7 Rbb2 44. Kh1 Kh7 45. Rbc7 h5 46. Rf7
Kg6 47. Rd7 Kh6 48. Rd6+ g6 49. b6 h4 50. b7 h3 51. b8=Q Rh2+ 52. Kg1 Rbg2+ 0-1

[Event "GBR-ch72"]
[Site "Edinburgh"]
[Date "1985.08.09"]
[Round "11.14"]
[White "Prasad, Devaki V"]
[Black "Bryson, Douglas"]
[Result "1-0"]
[WhiteElo "2375"]
[BlackElo "2275"]
[PlyCount "67"]
[EventDate "1985.07.29"]
[EventType "swiss"]
[EventRounds "11"]
[EventCountry "GBR"]
[SourceTitle "BritBase"]
[Source "John Saunders"]
[SourceDate "2020.09.07"]
[SourceVersion "1"]
[SourceVersionDate "2020.09.07"]
[SourceQuality "2"]

1. d4 d5 2. Nf3 Nf6 3. c4 e6 4. Nc3 c6 5. Bg5 dxc4 6. a4 Bb4 7. e4 Bxc3+ 8.
bxc3 Qa5 9. e5 Ne4 10. Bd2 Qd5 11. Be2 b5 12. O-O O-O 13. Qc2 Bb7 14. Be3 f5
15. exf6 gxf6 16. Nd2 Nxd2 17. Qxd2 Kh8 18. Bf3 Qd7 19. Bh6 Rf7 20. Bh5 a6 21.
Rfe1 c5 22. Bxf7 Qxf7 23. dxc5 Nd7 24. Qd6 Rc8 25. Rxe6 Qg6 26. g3 Ne5 27. Rxf6
Nf3+ 28. Kf1 Nxh2+ 29. Ke1 Re8+ 30. Kd1 Bf3+ 31. Kc1 Re1+ 32. Kb2 Re2+ 33. Ka3
b4+ 34. cxb4 1-0

[Event "GBR-ch72"]
[Site "Edinburgh"]
[Date "1985.08.09"]
[Round "11.15"]
[White "Howell, James C"]
[Black "Ivell, Nicholas W"]
[Result "1/2-1/2"]
[WhiteElo "2370"]
[BlackElo "2350"]
[PlyCount "33"]
[EventDate "1985.07.29"]
[EventType "swiss"]
[EventRounds "11"]
[EventCountry "GBR"]
[SourceTitle "BritBase"]
[Source "John Saunders"]
[SourceDate "2020.09.07"]
[SourceVersion "1"]
[SourceVersionDate "2020.09.07"]
[SourceQuality "2"]

1. e4 c5 2. Nf3 e6 3. c3 d5 4. exd5 exd5 5. d4 Nc6 6. Be3 c4 7. b3 cxb3 8. axb3
Bf5 9. Bd3 Bxd3 10. Qxd3 Bd6 11. O-O Nge7 12. c4 Qd7 13. Nc3 O-O 14. Ra4 Nb4
15. Qd2 a5 16. Raa1 Qf5 17. Nb5 1/2-1/2

[Event "GBR-ch72"]
[Site "Edinburgh"]
[Date "1985.08.09"]
[Round "11.16"]
[White "Wells, Peter K"]
[Black "Knott, Simon JB"]
[Result "1-0"]
[WhiteElo "2365"]
[BlackElo "2275"]
[PlyCount "93"]
[EventDate "1985.07.29"]
[EventType "swiss"]
[EventRounds "11"]
[EventCountry "GBR"]
[SourceTitle "BritBase"]
[Source "John Saunders"]
[SourceDate "2020.09.07"]
[SourceVersion "1"]
[SourceVersionDate "2020.09.07"]
[SourceQuality "2"]

1. d4 Nf6 2. Nf3 g6 3. c4 Bg7 4. Nc3 d5 5. cxd5 Nxd5 6. e4 Nxc3 7. bxc3 c5 8.
Rb1 O-O 9. Be2 b6 10. O-O Bb7 11. Qd3 cxd4 12. cxd4 Nd7 13. Bg5 h6 14. Bh4 Nf6
15. d5 Nh5 16. Qe3 Qd6 17. Rfd1 e5 18. Nd2 Nf4 19. Bb5 g5 20. Bg3 Rac8 21. Rbc1
Qg6 22. Kh1 Rfd8 23. Qa3 a6 24. Qe7 Rb8 25. Bc6 Bf8 26. Qxe5 Nd3 27. Qa1 Nxc1
28. Rxc1 Bd6 29. Bxd6 Qxd6 30. Bxb7 Rxb7 31. Rc6 Qf8 32. Nc4 Rc8 33. Rxc8 Qxc8
34. Nd6 Qb8 35. Nxb7 Qxb7 36. Qd4 b5 37. d6 Qc8 38. h3 b4 39. Qf6 a5 40. Kh2 a4
41. Qe7 Qf8 42. e5 b3 43. axb3 axb3 44. Qb7 Qe8 45. d7 Qxe5+ 46. g3 Qd4 47.
Qa8+ 1-0

[Event "GBR-ch72"]
[Site "Edinburgh"]
[Date "1985.08.09"]
[Round "11.19"]
[White "Emms, John"]
[Black "Conquest, Stuart"]
[Result "0-1"]
[WhiteElo "2245"]
[BlackElo "2345"]
[PlyCount "88"]
[EventDate "1985.07.29"]
[EventType "swiss"]
[EventRounds "11"]
[EventCountry "GBR"]
[SourceTitle "BritBase"]
[Source "John Saunders"]
[SourceDate "2020.09.07"]
[SourceVersion "1"]
[SourceVersionDate "2020.09.07"]
[SourceQuality "2"]

1. e4 c5 2. Nf3 d6 3. c3 Nf6 4. h3 g6 5. Bd3 Bg7 6. Bc2 O-O 7. O-O Nc6 8. d4
Qc7 9. d5 Na5 10. Bf4 b5 11. Re1 Bb7 12. a3 Nc4 13. b3 Nb6 14. Ra2 Rad8 15. Qe2
c4 16. Nd4 Qd7 17. bxc4 bxc4 18. a4 Nbxd5 19. exd5 Nxd5 20. Bd2 e5 21. Nf3 Rc8
22. a5 f5 23. Ba4 Qf7 24. Bb5 Nf6 25. Na3 Bd5 26. Ng5 Qc7 27. Ba6 h6 28. Nf3 f4
29. Nh4 Kh7 30. Qd1 Qf7 31. Bxc8 Rxc8 32. Qb1 Ne8 33. Rb2 Bf6 34. Nf3 Qc7 35.
a6 Qa5 36. Rb5 Qxa3 37. Rxd5 Qxa6 38. Rb5 Rc7 39. Rb8 Ng7 40. Qe4 Qa5 41. Qa8
Ne6 42. Rb7 Bg7 43. Rxc7 Nxc7 44. h4 Nxa8 0-1

[Event "GBR-ch72"]
[Site "Edinburgh"]
[Date "1985.08.09"]
[Round "11.21"]
[White "Upton, Timothy J"]
[Black "Bowden, Karl"]
[Result "0-1"]
[WhiteElo "2305"]
[BlackElo "2250"]
[PlyCount "91"]
[EventDate "1985.07.29"]
[EventType "swiss"]
[EventRounds "11"]
[EventCountry "GBR"]
[SourceTitle "BritBase"]
[Source "John Saunders"]
[SourceDate "2020.09.07"]
[SourceVersion "1"]
[SourceVersionDate "2020.09.07"]
[SourceQuality "2"]

1. e4 e6 2. d4 d5 3. Nd2 c5 4. exd5 Qxd5 5. Ngf3 cxd4 6. Bc4 Qd6 7. O-O Nc6 8.
Nb3 Nf6 9. Nbxd4 Nxd4 10. Nxd4 a6 11. Bb3 Qc7 12. Qf3 Bd6 13. h3 O-O 14. c3 b5
15. Bc2 Bb7 16. Qe2 h6 17. Bd2 Rfd8 18. Rad1 Rac8 19. Bc1 b4 20. Bd3 bxc3 21.
bxc3 Qa5 22. Bb2 Bb8 23. c4 Qc7 24. Nf3 Qf4 25. Qe3 Nh5 26. Ne5 f6 27. Ng4 Qxe3
28. fxe3 Ng3 29. Rfe1 Kf7 30. Bd4 Bc7 31. Rb1 Bc6 32. c5 e5 33. Bxa6 exd4 34.
Bxc8 Rxc8 35. exd4 Rd8 36. Rbd1 Nf5 37. d5 Bxd5 38. a4 Ba5 39. Re2 Bb4 40. c6
Bc5+ 41. Nf2 Nd4 42. Rb2 Bxc6 43. a5 Ba7 44. Kf1 Rd5 45. a6 Ra5 46. Rbd2 0-1

[Event "GBR-ch72"]
[Site "Edinburgh"]
[Date "1985.08.09"]
[Round "11.22"]
[White "Thomas, Ian L"]
[Black "Wiley, Tom E"]
[Result "0-1"]
[WhiteElo "2295"]
[BlackElo "2225"]
[PlyCount "68"]
[EventDate "1985.07.29"]
[EventType "swiss"]
[EventRounds "11"]
[EventCountry "GBR"]
[SourceTitle "BritBase"]
[Source "John Saunders"]
[SourceDate "2020.09.07"]
[SourceVersion "1"]
[SourceVersionDate "2020.09.07"]
[SourceQuality "2"]

1. Nf3 Nf6 2. d4 d5 3. c4 dxc4 4. Nc3 Nc6 5. d5 Na5 6. Qa4+ c6 7. b4 b5 8. Nxb5
cxb5 9. Qxb5+ Bd7 10. Qxa5 Qxa5 11. bxa5 Nxd5 12. e4 Nb4 13. Rb1 Rb8 14. Kd2
c3+ 15. Ke2 Bb5+ 16. Ke1 Ba4 17. Ke2 Bd1+ 18. Ke1 Ba4 19. Ke2 Bc2 20. Ra1 Bxe4
21. Bf4 Rd8 22. Rc1 f6 23. Ke3 Bc6 24. Bc4 e5 25. Bg3 Bc5+ 26. Ke2 e4 27. Ne1
Rd2+ 28. Kf1 Bd4 29. Rb1 Rb2 30. Rd1 c2 31. Rc1 Rb1 32. Bf4 e3 33. fxe3 Rxc1
34. exd4 Rd1 0-1

[Event "GBR-ch72"]
[Site "Edinburgh"]
[Date "1985.08.09"]
[Round "11.23"]
[White "McDonald, Neil R"]
[Black "Gallagher, Joseph G"]
[Result "1/2-1/2"]
[WhiteElo "2216"]
[BlackElo "2310"]
[PlyCount "20"]
[EventDate "1985.07.29"]
[EventType "swiss"]
[EventRounds "11"]
[EventCountry "GBR"]
[SourceTitle "BritBase"]
[Source "John Saunders"]
[SourceDate "2020.09.07"]
[SourceVersion "1"]
[SourceVersionDate "2020.09.07"]
[SourceQuality "2"]

1. Nf3 b5 2. b3 Bb7 3. Bb2 Nf6 4. e3 a6 5. c4 bxc4 6. bxc4 e6 7. Be2 c5 8. O-O
Be7 9. Nc3 O-O 10. d3 d5 1/2-1/2

[Event "GBR-ch72"]
[Site "Edinburgh"]
[Date "1985.08.09"]
[Round "11.24"]
[White "Jackson, Oliver A"]
[Black "Arkell, Keith C"]
[Result "0-1"]
[WhiteElo "2230"]
[BlackElo "2385"]
[PlyCount "78"]
[EventDate "1985.07.29"]
[EventType "swiss"]
[EventRounds "11"]
[EventCountry "GBR"]
[SourceTitle "BritBase"]
[Source "John Saunders"]
[SourceDate "2020.09.07"]
[SourceVersion "1"]
[SourceVersionDate "2020.09.07"]
[SourceQuality "2"]

1. e4 c5 2. Nc3 Nc6 3. f4 e6 4. Nf3 Nge7 5. d4 cxd4 6. Nxd4 Nxd4 7. Qxd4 Nc6 8.
Qf2 Bb4 9. Bd3 d6 10. Be3 Qa5 11. O-O Bc5 12. e5 Bxe3 13. Qxe3 dxe5 14. Nb5 O-O
15. fxe5 a6 16. Qe4 g6 17. Nd4 Qc5 18. c3 Nxe5 19. Kh1 Nxd3 20. Qxd3 e5 21. Nb3
Qc7 22. Rae1 Bd7 23. Qe3 Rae8 24. Rf6 Bc6 25. Qh6 Qe7 26. Ref1 Rd8 27. Qg5 Rd6
28. Na5 Rxf6 29. Rxf6 Rd8 30. h3 Rd1+ 31. Kh2 Qc5 32. Nxc6 bxc6 33. Rf3 Qg1+
34. Kg3 e4 35. Re3 Rd2 36. Kh4 Rd5 37. Qg3 Rh5+ 38. Kg4 Qd1+ 39. Kf4 Rf5+ 0-1

[Event "GBR-ch72"]
[Site "Edinburgh"]
[Date "1985.08.09"]
[Round "11.25"]
[White "Adams, Michael"]
[Black "Hindle, Owen M"]
[Result "1/2-1/2"]
[WhiteElo "2360"]
[BlackElo "2380"]
[PlyCount "101"]
[EventDate "1985.07.29"]
[EventType "swiss"]
[EventRounds "11"]
[EventCountry "GBR"]
[SourceTitle "BritBase"]
[Source "John Saunders"]
[SourceDate "2020.09.07"]
[SourceVersion "1"]
[SourceVersionDate "2020.09.07"]
[SourceQuality "2"]

1. e4 c5 2. Nf3 e6 3. d4 cxd4 4. Nxd4 Nf6 5. Nc3 d6 6. g4 h6 7. Bg2 a6 8. O-O
Qc7 9. h3 Nc6 10. Nxc6 bxc6 11. f4 e5 12. fxe5 dxe5 13. Be3 Be6 14. Qe2 Be7 15.
Na4 Nd7 16. c4 O-O 17. b3 Qa5 18. Qf2 Bxc4 19. Rfc1 Be6 20. Rxc6 Rfc8 21. Rac1
Rxc6 22. Rxc6 Nf6 23. Rb6 Rd8 24. Qe2 Rd6 25. Rb8+ Kh7 26. Bf3 Rc6 27. Rb6 Rxb6
28. Bxb6 Qb5 29. Qxb5 axb5 30. Nc5 Nd7 31. Nxd7 Bxd7 32. Kf2 Kg6 33. Bd1 Ba3
34. h4 Bc6 35. Kf3 Kf6 36. Bd8+ Ke6 37. Bc2 Kd6 38. Ke3 Bc1+ 39. Kf3 b4 40. Bd3
Bd2 41. Bc4 Be8 42. Ba5 Kc5 43. Bd5 Be1 44. h5 Bh4 45. Bc7 Bf6 46. Bb8 g6 47.
Ba7+ Kb5 48. Bc4+ Kc6 49. Be3 g5 50. Bd5+ Kb5 51. Bc4+ 1/2-1/2

[Event "GBR-ch72"]
[Site "Edinburgh"]
[Date "1985.08.09"]
[Round "11.26"]
[White "Vaidya, Arun"]
[Black "Lalic, Susan Kathryn"]
[Result "1/2-1/2"]
[WhiteElo "2365"]
[BlackElo "2050"]
[PlyCount "30"]
[EventDate "1985.07.29"]
[EventType "swiss"]
[EventRounds "11"]
[EventCountry "GBR"]
[SourceTitle "BritBase"]
[Source "John Saunders"]
[SourceDate "2020.09.07"]
[SourceVersion "1"]
[SourceVersionDate "2020.09.07"]
[SourceQuality "2"]

1. d4 e6 2. c4 Bb4+ 3. Bd2 Qe7 4. Nf3 Nf6 5. e3 O-O 6. Bd3 Bxd2+ 7. Nbxd2 d6 8.
O-O e5 9. dxe5 dxe5 10. Qc2 Nbd7 11. Ng5 h6 12. Nge4 Nc5 13. Nxf6+ Qxf6 14. Ne4
Qc6 15. Nxc5 Qxc5 1/2-1/2

[Event "GBR-ch72"]
[Site "Edinburgh"]
[Date "1985.08.09"]
[Round "11.27"]
[White "Buckmire, Ron"]
[Black "West, Guy"]
[Result "1/2-1/2"]
[WhiteElo "1605"]
[BlackElo "2310"]
[PlyCount "51"]
[EventDate "1985.07.29"]
[EventType "swiss"]
[EventRounds "11"]
[EventCountry "GBR"]
[SourceTitle "BritBase"]
[Source "John Saunders"]
[SourceDate "2022.12.30"]
[SourceVersion "1"]
[SourceVersionDate "2022.12.30"]
[SourceQuality "1"]

1. d4 Nf6 2. Bg5 d5 3. Bxf6 exf6 4. e3 c5 5. Nc3 Be6 6. Nge2 Nc6 7. a3 Qd7 8.
Nf4 O-O-O 9. h4 Bd6 10. Nfe2 Rhe8 11. Qd2 Kb8 12. O-O-O cxd4 13. Nxd4 Nxd4 14.
Qxd4 a6 15. Qa4 Qxa4 16. Nxa4 Be5 17. Nc5 Bg4 18. f3 Bc8 19. Bd3 Bd6 20. Nb3 f5
21. Nd4 g6 22. Rde1 h5 23. f4 Kc7 24. c3 Bd7 25. Kd2 Re7 26. Be2 {Source:
bulletin. The bulletin has this game down as ½-½ which is consistent with
the end position; however, the score table at the back gives it as 0-1 which
would leave Buckmire on 4½/11 and West on 5½/11. The BCM (Oct.85) gives
their respective finishing scores as Buckmire 5½/11 and West 5! However, the
1985/86 BCF Yearbook gives them both on 5 so that's what I'm going with - JS.
Later: Guy West confirms that he drew the game. Thanks to Paul Summers for
investigating.} 1/2-1/2

[Event "GBR-ch72"]
[Site "Edinburgh"]
[Date "1985.08.09"]
[Round "11.29"]
[White "Teichmann, Erik OMC"]
[Black "Lane, Gary William"]
[Result "0-1"]
[WhiteElo "2385"]
[BlackElo "2330"]
[PlyCount "50"]
[EventDate "1985.07.29"]
[EventType "swiss"]
[EventRounds "11"]
[EventCountry "GBR"]
[SourceTitle "BritBase"]
[Source "John Saunders"]
[SourceDate "2020.09.07"]
[SourceVersion "1"]
[SourceVersionDate "2020.09.07"]
[SourceQuality "2"]

1. b4 e5 2. Bb2 d6 3. c4 g6 4. Nf3 Bg7 5. e3 Ne7 6. d4 O-O 7. Nc3 exd4 8. Nxd4
Nbc6 9. Nxc6 Nxc6 10. a3 Be6 11. Qc2 a6 12. b5 Ne5 13. Nd5 c6 14. bxc6 bxc6 15.
Nf4 Rb8 16. Bc3 Qb6 17. Nxe6 fxe6 18. Rd1 Ng4 19. Bxg7 Kxg7 20. Qc3+ Kg8 21. f3
Nxe3 22. Rxd6 Qb1+ 23. Ke2 Nf5 24. Rd1 Qb2+ 25. Qxb2 Rxb2+ $10 {etc (35)} 0-1

[Event "GBR-ch72"]
[Site "Edinburgh"]
[Date "1985.08.09"]
[Round "11.30"]
[White "Richardson, Kevin D"]
[Black "Bradbury, Neil H"]
[Result "0-1"]
[WhiteElo "2112"]
[BlackElo "2335"]
[PlyCount "48"]
[EventDate "1985.07.29"]
[EventType "swiss"]
[EventRounds "11"]
[EventCountry "GBR"]
[SourceTitle "BritBase"]
[Source "John Saunders"]
[SourceDate "2020.09.07"]
[SourceVersion "1"]
[SourceVersionDate "2020.09.07"]
[SourceQuality "2"]

1. e4 e5 2. Nf3 Nc6 3. d4 exd4 4. Nxd4 Bc5 5. Nb3 Bb6 6. a4 a6 7. Nc3 Nge7 8.
Be2 O-O 9. O-O d6 10. Nd5 Nxd5 11. exd5 Ne5 12. a5 Ba7 13. Nd4 Bd7 14. Be3 f5
15. Qd2 Qf6 16. f4 Ng6 17. Ra3 Rae8 18. Ne6 Bxe6 19. Bxa7 Bf7 20. Bd4 Rxe2 21.
Qxe2 Qxd4+ 22. Kh1 Re8 23. Qd1 Qxd1 24. Rxd1 Bxd5 {etc (31)} 0-1

[Event "GBR-ch72"]
[Site "Edinburgh"]
[Date "1985.08.09"]
[Round "11.31"]
[White "Shovel, Kenneth"]
[Black "Abayasekera, Roger"]
[Result "0-1"]
[WhiteElo "2280"]
[BlackElo "2200"]
[PlyCount "76"]
[EventDate "1985.07.29"]
[EventType "swiss"]
[EventRounds "11"]
[EventCountry "GBR"]
[SourceTitle "BritBase"]
[Source "John Saunders"]
[SourceDate "2020.09.07"]
[SourceVersion "1"]
[SourceVersionDate "2020.09.07"]
[SourceQuality "2"]

1. d4 Nf6 2. c4 e6 3. g3 c5 4. d5 exd5 5. cxd5 d6 6. Bg2 g6 7. Nc3 Bg7 8. Nf3
O-O 9. O-O Re8 10. Bf4 a6 11. a4 Qc7 12. Re1 Nbd7 13. h3 Nh5 14. Bg5 Ne5 15.
Kh2 Rb8 16. Nxe5 Bxe5 17. f4 Bd4 18. g4 Ng7 19. Qd3 f5 20. gxf5 Bxf5 21. e4 Bc8
22. Ra2 Qf7 23. Rf1 Bf6 24. Bxf6 Qxf6 25. b3 Nh5 26. Raf2 b5 27. axb5 axb5 28.
e5 dxe5 29. Ne4 Qg7 30. f5 Bxf5 31. Rxf5 gxf5 32. Rxf5 Nf4 33. Qf3 Qxg2+ 34.
Qxg2+ Nxg2 35. Nf6+ Kg7 36. Nxe8+ Rxe8 37. Kxg2 Kg6 38. Rf1 Rd8 {etc (50)} 0-1

[Event "GBR-ch72"]
[Site "Edinburgh"]
[Date "1985.08.09"]
[Round "11.32"]
[White "Small, Simon"]
[Black "Mannion, Stephen R"]
[Result "0-1"]
[WhiteElo "2152"]
[BlackElo "2215"]
[PlyCount "56"]
[EventDate "1985.07.29"]
[EventType "swiss"]
[EventRounds "11"]
[EventCountry "GBR"]
[SourceTitle "BritBase"]
[Source "John Saunders"]
[SourceDate "2020.09.07"]
[SourceVersion "1"]
[SourceVersionDate "2020.09.07"]
[SourceQuality "2"]

1. d4 Nf6 2. Nc3 d5 3. Bg5 e6 4. e4 Bb4 5. e5 h6 6. Bd2 Bxc3 7. bxc3 Ne4 8. Qg4
g6 9. Bd3 Nxd2 10. Kxd2 c5 11. Qf4 Nc6 12. Nf3 c4 13. Be2 Qe7 14. h4 Bd7 15.
Nh2 h5 16. Nf3 O-O-O 17. Rhe1 f6 18. exf6 Rdf8 19. fxe7 Rxf4 20. Rf1 Re8 21. g3
Rf5 22. Ng5 e5 23. dxe5 Rxe5 24. f4 R5xe7 25. Bf3 d4 26. Rf2 Re3 27. Rg1 dxc3+
28. Kd1 Nd4 0-1

[Event "GBR-ch72"]
[Site "Edinburgh"]
[Date "1985.08.09"]
[Round "11.33"]
[White "Walker, RH.."]
[Black "Carr, Neil L"]
[Result "1/2-1/2"]
[WhiteElo "2180"]
[BlackElo "2315"]
[PlyCount "22"]
[EventDate "1985.07.29"]
[EventType "swiss"]
[EventRounds "11"]
[EventCountry "GBR"]
[SourceTitle "BritBase"]
[Source "John Saunders"]
[SourceDate "2020.09.07"]
[SourceVersion "1"]
[SourceVersionDate "2020.09.07"]
[SourceQuality "2"]

1. d4 g6 2. c4 Bg7 3. Nc3 d6 4. e4 Nf6 5. Nf3 O-O 6. Be2 e5 7. dxe5 dxe5 8.
Qxd8 Rxd8 9. Bg5 Re8 10. Nd5 Nxd5 11. cxd5 c6 1/2-1/2

[Event "GBR-ch72"]
[Site "Edinburgh"]
[Date "1985.08.09"]
[Round "11.35"]
[White "Wallace, D.."]
[Black "Jackson, Sheila"]
[Result "1/2-1/2"]
[WhiteElo "1965"]
[BlackElo "2225"]
[PlyCount "113"]
[EventDate "1985.07.29"]
[EventType "swiss"]
[EventRounds "11"]
[EventCountry "GBR"]
[SourceTitle "BritBase"]
[Source "John Saunders"]
[SourceDate "2020.09.07"]
[SourceVersion "1"]
[SourceVersionDate "2020.09.07"]
[SourceQuality "2"]

1. e4 e5 2. Nf3 Nc6 3. Bb5 a6 4. Ba4 Nf6 5. O-O Be7 6. Re1 b5 7. Bb3 d6 8. c3
O-O 9. h3 Nb8 10. d4 Nbd7 11. Nbd2 Bb7 12. Bc2 Re8 13. Nf1 Bf8 14. Ng3 g6 15.
Bg5 h6 16. Bd2 Bg7 17. a4 c5 18. d5 c4 19. Be3 Nc5 20. Qd2 Kh7 21. Nh2 Rb8 22.
Rf1 Qe7 23. axb5 axb5 24. Ra5 Bc8 25. Rfa1 Rb7 26. Nhf1 Bd7 27. Bxc5 dxc5 28.
Ne3 Rb6 29. R1a2 h5 30. Bd1 h4 31. Ngf1 Nxe4 32. Qc1 Reb8 33. Qa1 f5 34. Ra7
Qd6 35. Be2 Nf6 36. Nd2 R6b7 37. R7a6 Qe7 38. d6 Qd8 39. Nf3 Ne8 40. Qd1 e4 41.
Ne1 Rb6 42. Qd5 Nxd6 43. Qxc5 Bc8 44. Ra7 R6b7 45. N1c2 Rxa7 46. Rxa7 Bb7 47.
Nd4 Rc8 48. Ne6 Rxc5 49. Nxd8 Rc7 50. f3 Bf6 51. Nxb7 Rxb7 52. Rxb7+ Nxb7 53.
fxe4 fxe4 54. Bg4 Bg5 55. Kf2 Nc5 56. Nd5 Nd3+ 57. Ke2 1/2-1/2

[Event "GBR-ch72"]
[Site "Edinburgh"]
[Date "1985.08.09"]
[Round "11.36"]
[White "Habershon, Paul F"]
[Black "Evans, Raymond G"]
[Result "1/2-1/2"]
[WhiteElo "2112"]
[BlackElo "2128"]
[PlyCount "110"]
[EventDate "1985.07.29"]
[EventType "swiss"]
[EventRounds "11"]
[EventCountry "GBR"]
[SourceTitle "BritBase"]
[Source "John Saunders"]
[SourceDate "2020.09.07"]
[SourceVersion "1"]
[SourceVersionDate "2020.09.07"]
[SourceQuality "2"]

1. e4 c5 2. Nc3 Nc6 3. f4 e6 4. Nf3 d5 5. d3 Nf6 6. Qe2 Be7 7. g3 O-O 8. Bg2
Nd4 9. Nxd4 cxd4 10. Nd1 dxe4 11. dxe4 Qb6 12. Nf2 Bd7 13. O-O Rac8 14. e5 Bb5
15. Nd3 Nd7 16. f5 exf5 17. Rxf5 Nc5 18. Bg5 Bxg5 19. Rxg5 Bxd3 20. cxd3 Qa6
21. Bd5 Kh8 22. Rf1 f6 23. Rxg7 Qxd3 24. Qxd3 Nxd3 25. exf6 Rxf6 26. Rxh7+ Kxh7
27. Rxf6 Nxb2 28. Rf7+ Kh6 29. h4 d3 30. Be4 Rh8 31. Rd7 Kh5 32. Kg2 Nc4 33.
Bxd3 Ne5 34. Rd5 Re8 35. Kh3 Kh6 36. Bf5 Re7 37. g4 Nf7 38. Kg3 Re2 39. Rd7 Kg7
40. h5 Kf6 41. a4 Ra2 42. Rd4 a6 43. Bg6 Ne5 44. Rf4+ Kg7 45. Be8 Ra3+ 46. Kg2
Ra2+ 47. Kf1 Ra1+ 48. Ke2 Rg1 49. Rf5 Nxg4 50. Rf7+ Kh8 51. Rxb7 Nf6 52. Bg6
Rg4 53. Bc2 Rg2+ 54. Kd1 Nd5 55. Bg6 Nc3+ 1/2-1/2